000 00518nam a2200181Ia 4500
003 OSt
005 20240325140329.0
008 210210b1933 xxu||||| |||| 00| 0 eng d
040 _cAL
041 _aKannada
082 _a854/300
100 _aVENKATESHA AYYANGAR MASTI ವೆಂಕಟೇಶ ಅಯ್ಯಂಗಾರ್ ಮಾಸ್ತಿ
_9133536
245 _aVimarshe 3
_bವಿಮರ್ಶೆ ೩
260 _aBengaluru
_b-
_c1933
690 _aKannada Criticism
_9133537
906 _a020149
942 _2ddc
_cBK
999 _c144301
_d144301